00878nam a22002297a 450000500170000001000130001702000260003003500130005603700160006904000120008508200160009724501110011326000460022427000710027030000260034165000430036765000360041070000240044694200250047099900190049595201340051420170124105916.0 aB-219832 c870.00a9798177080864 aB-219832 bCen Lib/Ret aDPLbEN a338.15bRUR aRural transformation in India :cedited by A Vinayak Reddy [and] G.Bhaskarbthe impact of globalisatiaon / aNew DelhibNew Century Publication c2005 a4800/24-Bharat Ram Road, Ansari Road Darya GanjbNew Delhie110002 axvi, 397p.c22cm (Hb) aGlobalisation-rural developpment92520 aCrop science-technologies92521 aBhaskar, G.9105297 2ddccENh338.15mRUR c122825d122825 00102ddc40708NFICaLbLd2015-05-30eCen Lib/Retg870.00l0o338.15pB-219832r2015-05-30 00:00:00t1v870.00w2015-05-30yEN